000 00484nam a2200157Ia 4500
008 150610s9999 xx 000 0 und d
020 _a1573222283
050 _aBQ984
_b.L7A3 2002
100 _aSalzberg, Sharon
245 _aFaith:
_btrusting your own deepest experience /
_cSharon Salzberg.
260 _aNew York :
_bThe Berkley Publishing Group,
_c2002.
300 _a176pages ;
_c21 cm.
520 _aBiography.
650 _xFaith(Buddhism).
650 _xSpiritual biography.
999 _c287981
_d287981